000 00805cam a2200265 i 4500
999 _c1750
_d1750
001 1776809
005 20190505020012.0
008 780103s1979 nyua b 001 0 eng
010 _a 77028859
020 _a0195024060
040 _aDLC
_cDLC
_dDLC
050 0 0 _aQP514.2
_b.A73 1979
060 _aQU4.3 A735b
082 0 0 _a574.1/92
100 1 _aArmstrong, Frank Bradley.
245 1 0 _aBiochemistry /
_cFrank Bradley Armstrong & Thomas Peter Bennett.
260 _aNew York :
_bOxford University Press,
_c1979.
300 _ax, 491 p. :
_bill. ;
_c25 cm.
504 _aIncludes bibliographies and index.
650 0 _aBiochemistry.
650 2 _aBiochemistry.
700 1 _aBennett, Thomas Peter.
906 _a7
_bcbc
_corignew
_d1
_eocip
_f19
_gy-gencatlg
942 _2lcc
_cBOOKS
_hQP 514.2 .A73 1979
_01